000
00278nam a2200121Ia 4500
008
190216s9999||||xx |||||||||||||| ||und||
100
_a
John J Hampton
245
0
_a
Financial Decision Making
260
_b
Kalyani Pub
_c
1980
300
_a
659p
650
_a
Commerce
942
_c
BK
999
_c
4864
_d
4864